000 00275nam a22001337a 4500
008 170306b xxu||||| |||| 00| 0 eng d
020 _a1559030461
041 _aeng
080 _a611
100 _a6
101 _aSHM
245 _aBODY MRI
_cMIROWITZ, S.A
942 _2udc
_cBK
999 _c6927
_d6927